000 00415pab a2200169 454500
008 180718b1997 xxu||||| |||| 00| 0 eng d
100 _aVictorio, Antong
245 _aThe rate of return to superannuation and adverse incentives
260 _c1997
300 _ap.10-12
362 _aJun
650 _aPensions
650 _aRetirement
650 _aCivil service
773 _aPublic Sector
909 _a35563
999 _c35563
_d35563